Los 7 Pecados Capitales - Estadísticas

Estadísticas generales
  • Esta prueba ha sido intentada 65 veces
  • La puntuación promedio es 5 de 7
Estadísticas de respuestas
Pecado Capital % Correcto
Gula
95%
Lujuria
88%
Ira
83%
Pereza
78%
Avaricia
71%
Envidia
71%
Soberbia
53%
No se encontraron pruebas coincidentes
Distribución de puntuación
Porcentaje de gente con cada puntuación
Porcentaje por número respondido
Historial de tus puntuaciones
No has intentado esta prueba.